McGraw-Hill's biotechnology newswatch.

Bibliographic Details
New Title:Biotechnology newswatch
Format: Journal
Language:English
Published: New York, N.Y. : McGraw Hill, ©1981-©1987.
Subjects:
Online Availability: Check for online availability

MARC

Tag First Indicator Second Indicator Subfields
LEADER 00000cas a2200000 a 4500
001 in00000070762
005 20151008061907.0
008 810212d19819999nyusr1p 0uuua0eng d
010 |a sn 81003076  
022 0 |a 0275-3685  |9 0275-3687 
035 |a (OCoLC)07123200 
035 |9 AAJ9078AM 
040 |a NSD  |c NSD  |d TXA  |d UtOrBLW 
042 |a nsdp 
049 |a TXAE 
090 |a TP248.3  |b .M3 
222 0 |a McGraw-Hill's biotechnology newswatch 
245 0 0 |a McGraw-Hill's biotechnology newswatch. 
246 1 7 |a Newswatch 
264 1 |a New York, N.Y. :  |b McGraw Hill,  |c ©1981-©1987. 
300 |a 7 volumes :  |b illustrations ;  |c 28cm. 
310 |a Semimonthly 
336 |a text  |b txt  |2 rdacontent 
337 |a unmediated  |b n  |2 rdamedia 
338 |a volume  |b nc  |2 rdacarrier 
362 0 |a Vol. 1, no. 1 (Sept. 7, 1981)-v. 7, no. 22 (Nov. 16, 1987). 
500 |a Title from caption; description based on volume 2, number 1 (Jan. 4, 1982). 
510 0 |a NEXIS  |b Sept. 1981- 
650 0 |a Biochemical engineering  |v Periodicals. 
650 0 |a Genetic engineering  |v Periodicals. 
650 0 |a Biotechnology  |v Periodicals. 
650 0 |a Biotechnology industries  |v Periodicals. 
785 0 0 |t Biotechnology newswatch  |w (DLC)sn 90013049  |w (OCoLC)17372322 
948 |a T1 
999 |a MARS 
999 f f |s bb0672b9-ab6e-3149-85e5-b54264aa36bc  |i db9bd2b8-debf-3ce6-a2d9-e3bcda0dd560  |t 0 
952 f f |p ric  |a Texas A&M University  |b Rellis Campus  |c Joint Library Facility  |d Remote Storage  |t 0  |e TP248.3 .M3  |h Library of Congress classification  |i unmediated -- volume  |k v.5 -v.7  |l 1985-1987  |m A14811937827 
998 f f |a TP248.3 .M3  |s v.5:no.24 (1985) v.6 (1986)-v.7 (1987)  |t 0  |l Remote Storage